[Event "POR-chB"]
[Site "Vila Real"]
[Date "2005.08.07"]
[Round "5"]
[White "Santos, Carlos Humberto Cam"]
[Black "Silva, Tiago Manuel Araujo"]
[Result "0-1"]
[WhiteElo "2035"]
[BlackElo "1954"]
[PlyCount "70"]
[EventDate "2005.08.03"]
[EventType "swiss"]
[EventRounds "9"]
[EventCountry "POR"]
[SourceTitle "CBM 107 Extra"]
[Source "ChessBase"]
[SourceDate "2005.09.01"]
[SourceVersion "1"]
[SourceVersionDate "2005.09.01"]
[SourceQuality "1"]

1. d4 Nf6 2. c4 g6 3. Nc3 Bg7 4. e4 d6 5. f3 0-0 6. Be3 Nbd7 7. Qd2 c5 8. Nge2 a6 9. g4 Rb8 10. Ng3 Qc7 11. h4 cxd4 12. Bxd4 d5 13. Bf2 dxc4 14. h5 Ne5 15. Be2 Rd8 16. Nd5 Nxd5 17. exd5 Be6 18. hxg6 hxg6 19. Qg5 Rxd5 20. Qh4 c3 21. Ne4 cxb2 22. Rd1 Rxd1+ 23. Bxd1 Nxf3+ 24. Bxf3 b1Q+ 25. Bd1 Qxe4+ 26. Kf1 Qd3+ 27. Be2 Qc1+ 28. Be1 Qf4+ 29. Bf2 Qb1+ 30. Kg2 Qbe4+ 31. Kf1 Bxg4 32. Bxg4 Qxg4 33. Qh7+ Kf8 34. Rh4 Qd1+ 35. Be1 Qdxe1# 0-1